Statistics for Speed counting #1: Skippety

Click here to take the quiz!

General Stats

  • This quiz has been taken 23 times
  • The average score is 40 of 50

Answer Stats

Answer% Correct
10
100%
12
100%
14
100%
16
100%
18
100%
2
100%
20
100%
22
100%
24
100%
26
100%
28
100%
30
100%
32
100%
34
100%
36
100%
38
100%
4
100%
40
100%
6
100%
8
100%
44
92%
42
85%
46
85%
48
85%
50
85%
52
85%
54
85%
56
85%
58
85%
60
85%
62
85%
64
77%
66
77%
68
77%
70
69%
72
69%
74
69%
76
69%
78
69%
80
62%
82
54%
84
54%
86
54%
88
54%
90
54%
94
46%
96
46%
92
38%
98
38%
100
23%

Score Distribution

Percentile by Number Answered

Percent of People with Each Score

Your Score History

You have not taken this quiz